Nowhere in particular / (Record no. 608343)

000 -LEADER
fixed length control field 01029cam a2200301 a 4500
001 - CONTROL NUMBER
control field 11937511
003 - CONTROL NUMBER IDENTIFIER
control field OSt
005 - DATE AND TIME OF LATEST TRANSACTION
control field 20240227130932.0
008 - FIXED-LENGTH DATA ELEMENTS--GENERAL INFORMATION
fixed length control field 000310s1999 enka 000 0 eng d
010 ## - LIBRARY OF CONGRESS CONTROL NUMBER
LC control number 00300706
020 ## - INTERNATIONAL STANDARD BOOK NUMBER
International Standard Book Number 184000150X
020 ## - INTERNATIONAL STANDARD BOOK NUMBER
International Standard Book Number 9781840001501
035 ## - SYSTEM CONTROL NUMBER
System control number (OCoLC)ocm43478236
040 ## - CATALOGING SOURCE
Original cataloging agency ZNS
Transcribing agency ZNS
Modifying agency DLC
042 ## - AUTHENTICATION CODE
Authentication code lccopycat
050 00 - LIBRARY OF CONGRESS CALL NUMBER
Classification number TR654
Item number .M4676 1999
082 00 - DEWEY DECIMAL CLASSIFICATION NUMBER
Classification number 779.092
Edition number 21
Author Mark MIL 1999
100 1# - MAIN ENTRY--PERSONAL NAME
Personal name Miller, Jonathan,
Dates associated with a name 1934-
9 (RLIN) 121489
245 10 - TITLE STATEMENT
Title Nowhere in particular /
Statement of responsibility, etc. Jonathan Miller.
260 ## - PUBLICATION, DISTRIBUTION, ETC.
Place of publication, distribution, etc. London :
Name of publisher, distributor, etc. Mitchell Beazley,
Date of publication, distribution, etc. 1999.
300 ## - PHYSICAL DESCRIPTION
Extent 1 v. (unpaged) :
Other physical details col. ill. ;
Dimensions 28 cm.
600 10 - SUBJECT ADDED ENTRY--PERSONAL NAME
Personal name Miller, Jonathan,
Dates associated with a name 1934-
Form subdivision Notebooks, sketchbooks, etc.
9 (RLIN) 121490
650 #0 - SUBJECT ADDED ENTRY--TOPICAL TERM
Topical term or geographic name entry element Photography, Artistic.
9 (RLIN) 34021
906 ## - LOCAL DATA ELEMENT F, LDF (RLIN)
a 7
b cbc
c copycat
d 3
e ncip
f 20
g y-gencatlg
942 ## - ADDED ENTRY ELEMENTS (KOHA)
Source of classification or shelving scheme
Koha item type Book
Institution code [OBSOLETE] SADA
Call number prefix 779.092 MIL 1999
Holdings
Withdrawn status Lost status Source of classification or shelving scheme Damaged status Not for loan Permanent Location Current Location Date acquired Source of acquisition Total Checkouts Full call number Barcode Date last seen Price effective from Koha item type
          School of Art Design and Architecture (SADA) School of Art Design and Architecture (SADA) 05/09/2019 Donation   779.092 MIL 1999 SADAD0000420 02/27/2024 02/27/2024 Book
© 2023 Central Library, National University of Sciences and Technology. All Rights Reserved.